| 000 | 01266nam0a22002891 4500 | ||
|---|---|---|---|
| 001 | rc\3931990 | ||
| 005 | 20250610130127.0 | ||
| 035 | _a(NLR Aleph) 007916180 | ||
| 090 |
_a8128557 _c8128557 |
||
| 100 | _a20130415d1953 |||y0rusy50 ca | ||
| 101 | 0 | _arus | |
| 102 | _aRU | ||
| 105 | _ay z ||||| | ||
| 200 | 1 | _aПолноценное кормление коров - основа высоких удоев молока | |
| 210 |
_aРязань _cГаз. "Сталинское знамя" _d1953 |
||
| 215 |
_a11 с. _d14 |
||
| 225 | 1 |
_aОпыт передовых доярок - всем колхозам _v[5] |
|
| 300 | _aВложена с 9-ю другими книгами этой серии в папку с загл.: Опыт передовых доярок - всем колхозам | ||
| 300 | _aПеред загл. авт.: А.Я. Астахова | ||
| 300 | _aНа 1-й с. текста - А.Я. Астахова, доярка колхоза им. Кирова Шиловского района | ||
| 517 | 0 | _aОпыт передовых доярок - всем колхозам | |
| 700 | 1 |
_aАстахова _bА.Я. |
|
| 801 | 0 |
_aRU _bNLR _gpsbo |
|
| 801 | 1 |
_aRU _bELAR _2rusmarc |
|
| 852 |
_aNLR _jС90 Г-2/828-5 |
||
| 942 | _cBOOK | ||
| 980 | _aNB | ||